[Event "CZE-ch U12"]
[Site "Herlikovice"]
[Date "2021.10.28"]
[Round "6"]
[White "Chon, Jeremy"]
[Black "Martirosyan, David"]
[Result "1/2-1/2"]
[WhiteElo "1496"]
[BlackElo "1700"]
[PlyCount "37"]
[EventDate "2021.10.23"]
[EventType "swiss"]
[EventRounds "9"]
[EventCountry "CZE"]
[SourceTitle "EXT 2023"]
[Source "ChessBase"]
[SourceDate "2022.10.05"]
[SourceVersion "1"]
[SourceVersionDate "2022.10.05"]
[SourceQuality "1"]

1. Nf3 Nf6 2. d4 g6 3. e3 Bg7 4. b3 0-0 5. Bb2 d6 6. Be2 Nc6 7. 0-0 e5 8. dxe5 Ng4 9. c4 Ngxe5 10. Nxe5 Nxe5 11. Nc3 Bd7 12. Qc2 Bc6 13. f4 Nd7 14. e4 Nc5 15. Bf3 Re8 16. Nd5 Bxd5 17. exd5 Bxb2 18. Qxb2 Ne4 19. Qd4 1/2-1/2

[Event "EU-ch Hybrid U12"]
[Site "Tornelo INT"]
[Date "2021.10.15"]
[Round "7"]
[White "Shatirov, Ravan"]
[Black "Chon, Jeremy"]
[Result "1/2-1/2"]
[WhiteElo "1410"]
[BlackElo "1496"]
[PlyCount "91"]
[EventDate "2021.10.15"]
[EventType "swiss"]
[EventRounds "9"]
[EventCountry "NET"]
[SourceTitle "EXT 2023"]
[Source "ChessBase"]
[SourceDate "2022.10.05"]
[SourceVersion "1"]
[SourceVersionDate "2022.10.05"]
[SourceQuality "1"]
[WhiteTeam "Azerbaijan"]
[BlackTeam "Czech Republic"]
[WhiteTeamCountry "AZE"]
[BlackTeamCountry "CZE"]

1. d4 d5 2. c4 e6 3. Nc3 f5 4. Nf3 Nf6 5. Bg5 c6 6. e3 Bd6 7. Bd3 0-0 8. 0-0 Qe8 9. Bf4 Qd8 10. Bxd6 Qxd6 11. Ne5 Nbd7 12. f4 Ne4 13. Bxe4 fxe4 14. Qb3 Nf6 15. Qc2 Qe7 16. c5 Qe8 17. g4 h6 18. g5 hxg5 19. fxg5 Nd7 20. Rxf8+ Qxf8 21. Qg2 Nxe5 22. dxe5 Qxc5 23. Qh3 g6 24. Qh6 Qxe3+ 25. Kh1 Qf3+ 26. Kg1 Qh5 27. Qxh5 gxh5 28. Ne2 c5 29. Ng3 h4 30. Nh5 Kf7 31. Nf4 b6 32. Kg2 Ba6 33. Kh3 Rh8 34. Kg4 d4 35. g6+ Kg7 36. Kg5 Bc4 37. b3 Bd5 38. Nxd5 exd5 39. Rf1 Re8 40. Rf7+ Kg8 41. Kf6 e3 42. Rg7+ Kf8 43. Rh7 Kg8 44. Rg7+ Kf8 45. Rf7+ Kg8 46. Rg7+ 1/2-1/2

[Event "Prague Menchik Memorial Rapid"]
[Site "Prague"]
[Date "2021.09.28"]
[Round "4"]
[White "Chon, Jeremy"]
[Black "Vojta, Jakub"]
[Result "0-1"]
[WhiteElo "1496"]
[BlackElo "2123"]
[PlyCount "102"]
[EventDate "2021.09.28"]
[EventType "swiss (rapid)"]
[EventRounds "9"]
[EventCountry "CZE"]
[SourceTitle "CBM 204 Extra"]
[Source "ChessBase"]
[SourceDate "2021.11.30"]
[SourceVersion "1"]
[SourceVersionDate "2021.11.30"]
[SourceQuality "1"]

1. Nf3 Nf6 2. d4 g6 3. e3 Bg7 4. Bd3 d5 5. 0-0 0-0 6. Nbd2 c5 7. b3 cxd4 8. exd4 Nc6 9. Bb2 Nb4 10. Be2 Bf5 11. c3 Nd3 12. Bxd3 Bxd3 13. Re1 Ne4 14. Ne5 Bxe5 15. dxe5 Qb6 16. Re3 Nxd2 17. Qxd2 Be4 18. c4 Rfd8 19. Bd4 Qc6 20. f3 Bf5 21. cxd5 Qxd5 22. Rd1 Rac8 23. Rc3 Rxc3 24. Bxc3 Qc5+ 25. Bd4 Qc6 26. Qb2 h5 27. Rc1 Qa6 28. Qf2 b6 29. Rc7 Qd3 30. Be3 Kh7 31. h3 Rd7 32. Rxd7 Bxd7 33. Qd2 Qb1+ 34. Kh2 Be6 35. Bg5 Qf5 36. Bxe7 Qxe5+ 37. Kh1 Bxh3 38. gxh3 Qxe7 39. Kg2 Qe6 40. Qc2 h4 41. Qd2 Qe5 42. f4 Qe4+ 43. Kf2 Qh1 44. Ke3 Qxh3+ 45. Kd4 Qd7+ 46. Ke3 Qxd2+ 47. Kxd2 f6 48. Ke3 g5 49. fxg5 fxg5 50. Kf3 Kg6 51. Kg4 Kf6 0-1

[Event "CZE-ch U10"]
[Site "Kouty nad Desnou"]
[Date "2020.03.12"]
[Round "7"]
[White "Alidis, Myron"]
[Black "Chon, Jeremy"]
[Result "1-0"]
[WhiteElo "1395"]
[BlackElo "1449"]
[PlyCount "129"]
[EventDate "2020.03.07"]
[EventType "swiss"]
[EventRounds "7"]
[EventCountry "CZE"]
[SourceTitle "CBM 195 Extra"]
[Source "ChessBase"]
[SourceDate "2020.05.31"]
[SourceVersion "1"]
[SourceVersionDate "2020.05.31"]
[SourceQuality "1"]

1. e4 c5 2. Nf3 g6 3. d4 cxd4 4. Nxd4 Bg7 5. Nc3 Nc6 6. Be3 Nf6 7. Nxc6 bxc6 8. e5 Ng8 9. Bd4 f6 10. f4 Qa5 11. Qd2 fxe5 12. fxe5 Bxe5 13. Bxe5 Qxe5+ 14. Be2 Qg7 15. 0-0-0 Nf6 16. Rhe1 0-0 17. Qe3 e6 18. g4 Nd5 19. Nxd5 cxd5 20. Rf1 a5 21. Rxf8+ Kxf8 22. Rf1+ Kg8 23. Qb6 Qe7 24. h4 Qxh4 25. Qd6 Qh6+ 26. Kb1 Qg7 27. g5 a4 28. Qc7 Qe7 29. Bg4 Ba6 30. Rf6 Rf8 31. Qe5 Rxf6 32. gxf6 Qe8 33. Qd6 Bb5 34. b3 axb3 35. cxb3 Kf7 36. Qe5 Qd8 37. Qh2 Bd3+ 38. Kc1 Qh8 39. Qc7 Bb5 40. a4 Bc6 41. Qh2 h5 42. Bxe6+ dxe6 43. Qc7+ Kxf6 44. Qxc6 Qh6+ 45. Kd1 h4 46. Qc3+ Kf5 47. Qh3+ Kf6 48. a5 Qh5+ 49. Ke1 Qe5+ 50. Kf2 Qb2+ 51. Ke1 Qa1+ 52. Kf2 Qb2+ 53. Ke1 Qa1+ 54. Kf2 Qxa5 55. Qxh4+ g5 56. Qh6+ Kf5 57. Qh7+ Kg4 58. Qd3 Qa2+ 59. Ke3 Qa7+ 60. Ke2 Qa2+ 61. Kf1 Qa1+ 62. Kg2 Qb2+ 63. Kf1 Qc1+ 64. Kg2 Qf4 65. Qh3# 1-0

[Event "EU-ch U10"]
[Site "Bratislava"]
[Date "2019.08.10"]
[Round "9"]
[White "Bukvaj, Jan"]
[Black "Chon, Jeremy"]
[Result "1/2-1/2"]
[WhiteElo "1330"]
[BlackElo "1594"]
[PlyCount "84"]
[EventDate "2019.08.02"]
[EventType "swiss"]
[EventRounds "9"]
[EventCountry "SVK"]
[SourceTitle "EXT 2020"]
[Source "ChessBase"]
[SourceDate "2019.10.17"]
[SourceVersion "1"]
[SourceVersionDate "2019.10.17"]
[SourceQuality "1"]

1. e4 c5 2. Nf3 g6 3. d4 cxd4 4. Nxd4 Bg7 5. Nc3 Nc6 6. Be3 Nf6 7. Bc4 0-0 8. f3 Qb6 9. Qd2 Nxe4 10. fxe4 Bxd4 11. Bxd4 Qxd4 12. Qxd4 Nxd4 13. 0-0-0 Nc6 14. h4 d6 15. h5 gxh5 16. Rxh5 Bg4 17. Rg5+ Kh8 18. Rxg4 Ne5 19. Be2 Nxg4 20. Bxg4 Rfe8 21. Rf1 Kg7 22. Nd5 e6 23. Nf4 Rac8 24. Nh5+ Kg8 25. Rf3 Rc7 26. Rg3 Kf8 27. Bf3 Ke7 28. Rg7 h6 29. Rh7 Rec8 30. c3 Rc6 31. e5 Rb6 32. exd6+ Kxd6 33. Rxf7 Rc7 34. Rf6 Rh7 35. Kc2 Kd7 36. Bg4 Ke7 37. Rf3 Rf7 38. Nf4 Rd6 39. Ng6+ Ke8 40. Re3 Rf2+ 41. Re2 Rxe2+ 42. Bxe2 Kf7 1/2-1/2